[Event "FIDE Candidates 2018"]
[Site "Berlin GER"]
[Date "2018.03.18"]
[Round "7"]
[White "Aronian,L"]
[Black "Caruana,F"]
[Result "0-1"]
[WhiteElo "2794"]
[BlackElo "2784"]
[EventDate "2018.03.10"]

1. d4 Nf6 2. c4 e6 3. Nf3 d5 4. Nc3 dxc4 5. e4 Bb4 6. Bg5 h6 7. Bxf6 Qxf6
8. Bxc4 c5 9. O-O cxd4 10. e5 Qd8 11. Ne4 O-O 12. Qe2 Be7 13. Rad1 Qc7 14.
Bd3 Nd7 15. Rc1 Qa5 16. g4 Nxe5 17. Nxe5 Qxe5 18. f4 Qa5 19. g5 Qd8 20. h4
Bd7 21. gxh6 g6 22. h5 Kh8 23. Kh2 Bc6 24. Rf3 Bd6 25. Qf2 Bc7 26. Kh3 Qe7
27. Ng5 e5 28. Rxc6 bxc6 29. Nxf7+ Rxf7 30. hxg6 Rf6 31. g7+ Kg8 32. Bc4+
Kh7 33. Qh4 e4 34. Rg3 Bxf4 35. g8=Q+ Rxg8 36. Bxg8+ Kh8 37. Rg7 Qf8 0-1

[Event "FIDE Candidates 2018"]
[Site "Berlin GER"]
[Date "2018.03.20"]
[Round "9"]
[White "Karjakin,Sergey"]
[Black "Kramnik,V"]
[Result "1-0"]
[WhiteElo "2763"]
[BlackElo "2800"]
[EventDate "2018.03.10"]

1. c4 e6 2. Nc3 d5 3. d4 Nf6 4. cxd5 Nxd5 5. e4 Nxc3 6. bxc3 c5 7. Rb1 Be7
8. Nf3 O-O 9. h4 cxd4 10. cxd4 Nc6 11. h5 f5 12. exf5 Qa5+ 13. Bd2 Qxf5 14.
Bc3 h6 15. Bd3 Qg4 16. Kf1 e5 17. d5 e4 18. dxc6 exf3 19. gxf3 Rxf3 20. Be2
Rxf2+ 21. Kxf2 Bc5+ 22. Kf1 Qf4+ 23. Bf3 bxc6 24. Be1 Be6 25. Bh4 Rf8 26.
Kg2 Kh8 27. Rc1 Rf5 28. Rc3 Rd5 29. Bxd5 Bxd5+ 30. Rf3 Qg4+ 31. Bg3 Bd6 32.
Rh3 Be7 33. Qe2 Be4 34. Qf2 a5 35. a4 c5 36. Rh1 Bf6 37. Re1 Bc6 38. Ree3
c4 39. Qe2 Qxh5 40. Qxc4 Bd7 41. Rd3 1-0